000 00649 a2200193 4500
020 _a1852334266
020 _a9781852334260
082 0 4 _a530.11
090 _c881
_d881
100 1 _aWoodhouse, N.M.J.
245 1 0 _aSpecial relativity /
_cN.M.J. Woodhouse.
260 _a[S.l.] :
_bSpringer,
_c2007.
300 _a192 p. ;
_c23 cm.
490 1 _aSpringer undergraduate mathematics series.
700 _aWoodhouse, N.M.J.
830 0 _aSpringer undergraduate mathematics series.
942 _aSNS
_cBK
_k530.11 WOO
999 _c29504
_d29504